Normal view
MARC view
- Gutiérrez, María Antonia
Entry Nombre Personal
001 - NUMERO DE CONTROL
- campo de control: 53194
003 - IDENTIFICADOR DE NUMERO DE CONTROL
- campo de control: MX-MXUPN
005 - FECHA Y HORA DE LA ÜLTIMA TRANSACCIÓN
- campo de control: 20240822131113.0
008 - DATOS DE LONGITUD FIJA
- campo de control de longitud fija: 240822|| acn||aabn | aaa d
040 ## - FUENTE DE CATALOGACIÓN
- Agencia original de catalogación: MX-MxUPN
- Lenguaje de catalogación: spa
- Agencia de transcripción: MX-MXUPN
100 1# - ENCABEZAMIENTO - NOMBRE PERSONAL
- Nombre personal: Gutiérrez, María Antonia
670 ## - FUENTE EN LA QUE SE LOCALIZARON DATOS
- Cita de la fuente: El ama de casa ó sea guía de la mujer bien educada : en materia de habitación y ocupaciones domésticas, gastos, cocina, moda, costumbres y usos de la sociedad, higiene, tocador, arte de la conservación, distracciones y deberes diversos, 1909 :
- Información localizada: portada (María Antonia Gutiérrez)
902 ## - CATALOGADOR
- Catalogador: MaríaRobles/220824
